000 01684nam a2200493 c 4500
001 24534
003 ES-MaCES
005 20150925134935.0
008 120626s2012 sp d 000 |dspa d
017 _aB 8500-2012
_bDL
020 _a9788481099966 (Galaxia Gutenberg)
020 _a9788467251548 (Círculo de lectores)
035 _aCES20120004532m
040 _aES-MaCES
_bspa
_cES-MaCES
041 1 _aspa
_heng
100 1 _aSachs, Jeffrey D.
_922961
245 1 3 _aEl precio de la civilización
_cJeffrey Sachs ; [traducción del inglés, Estrella Trincado]
250 _a1ª ed
260 _aBarcelona
_bGalaxia Gutemberg
_bCírculo de Lectores
_c2012
300 _a406 p.
_c22 cm
490 1 _aSerie Ensayo
500 _aTraducción de: The price of civilization
500 _aÍndices
504 _aBibliografía: p. 365-379
541 _cCompra
650 4 _acrisis económica
_927102
650 4 _aglobalización económica
_930653
650 4 _adesigualdad económica
_929371
650 4 _adesigualdad social
_930789
650 4 _apolítica gubernamental
_927211
650 4 _apolítica económica
_927025
650 4 _alucha contra la pobreza
_930648
650 4 _aEstados Unidos
_928373
650 4 _aEuropa
_926940
650 4 _arepertorio de recomendaciones prácticas
_929261
653 1 0 _aCondiciones económicas
650 4 _929234
_adesarrollo económico y social
700 1 _aTrincado, Estrella
_etr.
_925183
740 4 2 _aThe price of civilization
830 0 _aSerie Ensayo (Galaxia Gutenberg / Círculo de Lectores)
_934642
902 _aLIB Libro
942 _2CES
_cBK
_h0.0.
999 _c24534
_d24534